000 00681nam a2200181 a 4500
001 000031289
005 20200930062828.0
008 100310s1973 dr a 000 0 spa d
040 _aDO-SdBNP
_bspa
_cBNPHU
082 _axxxx
_bP295r
245 0 0 _aPaternidad responsable.
260 _aSanto Domingo :
_bAsociación Dominicana Pro Biesnestar de la Familia,
_c1973.
300 _a118 p. :
_bil. ;
_c21 cm.
490 1 _aPaternidad responsable
_vno. 1
500 _aCiclo de charlas sobre planificación de la familia realizado a través de la Escuela Radiofónica de Educación Familiar "Hacia una nueva familia"
830 0 _aPaternidad responsable
_vno. 1
_957751
049 _aBNPD
999 _c30781
_d30781